000
00205 a2200097 4500
001
29306
100
_a
Modoodi
245
_a
Rasail-o-Masail (Vol-IV)
260
_a
_b
Pak Islamia
_c
090
_c
19523
_d
19523
942
_a
NUST-CAE
_c
M
_c
10584
999
_c
264379
_d
264379